Normal view
MARC view
- Brickell, Christopher.
Entry Personal Name
001 - CONTROL NUMBER
- control field: 297
003 - CONTROL NUMBER IDENTIFIER
- control field: OSt
005 - DATE AND TIME OF LATEST TRANSACTION
- control field: 20170418154240.0
008 - FIXED-LENGTH DATA ELEMENTS
- fixed length control field: 170418|| aca||aabn | a|a d
040 ## - CATALOGING SOURCE
- Original cataloging agency: OSt
- Transcribing agency: OSt
100 ## - HEADING--PERSONAL NAME
- Personal name: Brickell, Christopher.
670 ## - SOURCE DATA FOUND
- Source citation: Work cat.: (OSt): The Royal Horticultural Society A-Z encyclopedia of garden plants /, 1996.

PORTAL AKMAL
E-MEL JKDM
AKMAL2U
G-BAM
u-PUSTAKA